| 000 | 02044cam a22004334i 4500 | ||
|---|---|---|---|
| 003 | PE-LiUPU | ||
| 005 | 20250731183414.0 | ||
| 008 | 181227s2016 sz a rb 001 0 eng d | ||
| 020 | _a3525530390 | ||
| 020 | _a9783525530399 | ||
| 035 | _a(Sirsi) a251218 | ||
| 040 |
_aPE-LiUPU _bspa _cPE-LiUPU _erda |
||
| 049 | _aPRUA | ||
| 082 | 0 | 4 |
_a738.30933 _bC563 _223 |
| 100 | 1 |
_aChoi, Gwanghyun D., _d1966-, _eautor. |
|
| 245 | 1 | 0 |
_aDecoding Canaanite pottery paintings from the Late Bronze Age and Iron Age I : _bclassification and analysis of decorative motifs and design structures--statistics, distribution patterns--cultural and socio-political implications / _cGwanghyun D. Choi. |
| 264 | 1 |
_aFribourg _bAcademic Press Fribourg _aGöttingen _bVandenhoeck & Ruprecht, _c[2016]. |
|
| 300 |
_ax, 272 páginas : _bilustraciones ; _c33 centímetros + _e1 CD-ROM. |
||
| 336 |
_atext _2rdacontent |
||
| 337 |
_aunmediated _2rdamedia |
||
| 338 |
_avolume _2rdacarrier |
||
| 490 | 0 |
_aOrbis Biblicus et Orientalis. Series Archaeologica ; _v37 |
|
| 504 | _aBibliografía: páginas 243-264. | ||
| 504 | _aÍndice: páginas 265-272. | ||
| 505 | 0 | _aTypology of painted vessels and method for the classification of decorative motifs -- Typology of decorative motifs -- Structure of Canaanites pottery paintings -- Statistics of occurrences and distribution analyses -- Cultural and socio-political implications of Canaanite pottery paintings. | |
| 526 | _aP158 | ||
| 526 | _aP146 | ||
| 526 | _aP17 | ||
| 526 | _aP12 | ||
| 526 | _aP06 | ||
| 650 | 0 |
_aCerámica pintada _zPalestina _xClasificación. |
|
| 650 | 4 | _aAlfarería pintada. | |
| 910 |
_adbm _brri _crri _d20181227 |
||
| 942 |
_2ddc _cBOOK |
||
| 994 |
_aC0 _bPEPRU |
||
| 596 | _a1 | ||
| 999 |
_a738.30933 C563 _wDEWEY _c30643 _i79396 _f2021-11-11 _g4 _lCCODEBUL1 _mBUL _p122.00 _r0 _sY _tBOOK _u2018-12-27 _xTEOLOGIA _PP85 _0COMPRA _1FCOMPR2 _o.STAFF. Colección Teología _d30643 |
||
| 980 |
_81 _gALBERTO SANCHEZ Responsable de Automatización |
||